000 01800nam0a2200361 i 4500
001 RU\NLR\bibl\2031544
005 20260407140501.0
010 _a9785789301647
_9300
021 _aRU
_b2013-30125
_92068
035 _a(NLR Aleph) 002019396
090 _a4497201
_c4497201
100 _a20130508d2013 u y0rusy50 ca
101 0 _arus
_achi
_deng
102 _aRU
105 _ay |||||||||
200 1 _aРегион Центральной Азии: состояние, проблемы и перспективы российско-китайского взаимодействия
_eсборник докладов
_fРос. ин-т стратег. исслед.
_g[под ред. к.филос.н. Е.В. Супониной, к.филол.н. Б.М. Волхонского]
210 _aМосква
_cРИСИ
_d2013
215 _a39 с., [1] л. цв. портр.
_d20
300 _aПрил. на кит. яз.
300 _aРез. на англ. яз.
320 _aБиблиогр. в подстроч. примеч.
607 _aЦентральноазиатские страны
_jСборники
_xМеждународное положение
_92257031
_3RU\NLR\AUTH\661353521
607 _aКитайская Народная Республика
_xВнешняя политика
_z21 в.
_92310935
_3RU\NLR\AUTH\661383073
686 _aТ3(257)74-6я43
686 1 _aТ3(5Кит)72-6я43
702 1 _aСупонина
_bЕ. В.
_gЕлена Владимировна
_4340
712 0 2 _4570
_aРоссийский институт стратегических исследований
_3RU\NLR\AUTH\8810007353
_9512271
801 0 _aRU
_bNLR
_c20130508
_gRCR
801 1 _aRU
_bNLR
_c20130508
942 _cBOOK
980 _aNBR